00596nam a22001817a 4500001000500000005001700005040001800022050001500040082001000055100002400065245008000089260003500169300005900204505000800263520010300271521002000374521002000394271120250827141437.0 aDLCbengcDLC00aPS1499.D96 a398.8 aWadsworth, Olive A.00aOver in the meadow /cWadsworth, Olive A. : illustrated by Jack Keats, Ezra aNew York :bScholastic, c1971 a20 unnumbered pages : bcolor illustrations ;c20 cm . aG  aA variety of meadow animals pursuing their daily activities introduce the numbers one through ten. a380 bLexile  aG bRaz-Plus